<?xml version="1.0" encoding="UTF-8"?>
<record
    xmlns:xsi="http://www.w3.org/2001/XMLSchema-instance"
    xsi:schemaLocation="http://www.loc.gov/MARC21/slim http://www.loc.gov/standards/marcxml/schema/MARC21slim.xsd"
    xmlns="http://www.loc.gov/MARC21/slim">

  <leader>01229nam0a22002891  4500</leader>
  <controlfield tag="001">RU\NLR\INFOCOMM_190\5000025093</controlfield>
  <controlfield tag="005">20250613090639.0</controlfield>
  <datafield tag="035" ind1=" " ind2=" ">
    <subfield code="a">(NLR Aleph) 009074380</subfield>
  </datafield>
  <datafield tag="090" ind1=" " ind2=" ">
    <subfield code="a">7942805</subfield>
    <subfield code="c">7942805</subfield>
  </datafield>
  <datafield tag="100" ind1=" " ind2=" ">
    <subfield code="a">20081101d1984    |||y0rusy50      ca</subfield>
  </datafield>
  <datafield tag="101" ind1="0" ind2=" ">
    <subfield code="a">eng</subfield>
  </datafield>
  <datafield tag="102" ind1=" " ind2=" ">
    <subfield code="a">RU</subfield>
  </datafield>
  <datafield tag="105" ind1=" " ind2=" ">
    <subfield code="a">y   z   100zy</subfield>
  </datafield>
  <datafield tag="200" ind1="1" ind2=" ">
    <subfield code="a">&#x88;A &#x89;typology of urban places in West Siberia and its use in the studies of living conditions differentiation</subfield>
    <subfield code="e">the Meeting of Research comm. 21 on sociology of regional and urban development of the International sociol. assoc. "Cities and their environment: theory, practice and perspectives", Bratsk - Irkutsk, September, 1984</subfield>
    <subfield code="f">V. A. Artiemov, L. A. Khakhulina</subfield>
  </datafield>
  <datafield tag="210" ind1=" " ind2=" ">
    <subfield code="a">Novosibirsk</subfield>
    <subfield code="c">[s.n.]</subfield>
    <subfield code="d">1984</subfield>
  </datafield>
  <datafield tag="215" ind1=" " ind2=" ">
    <subfield code="a">[1], 12 &#x43B;.</subfield>
    <subfield code="d">30 &#x441;&#x43C;</subfield>
  </datafield>
  <datafield tag="225" ind1="1" ind2=" ">
    <subfield code="a">Preprint</subfield>
    <subfield code="f">The USSR Academy of sciences, Siberian branch</subfield>
  </datafield>
  <datafield tag="606" ind1=" " ind2=" ">
    <subfield code="a">&#x413;&#x43E;&#x440;&#x43E;&#x434;&#x430;</subfield>
    <subfield code="x">&#x420;&#x430;&#x437;&#x432;&#x438;&#x442;&#x438;&#x435;</subfield>
    <subfield code="y">&#x421;&#x438;&#x431;&#x438;&#x440;&#x44C;, &#x417;&#x430;&#x43F;&#x430;&#x434;&#x43D;&#x430;&#x44F;</subfield>
    <subfield code="2">nlr_sh1</subfield>
  </datafield>
  <datafield tag="686" ind1=" " ind2=" ">
    <subfield code="a">&#x423;04(2&#x420;53)22</subfield>
    <subfield code="2">rubbk</subfield>
  </datafield>
  <datafield tag="700" ind1=" " ind2="1">
    <subfield code="a">Artemov</subfield>
    <subfield code="b">V. A.</subfield>
    <subfield code="g">Viktor Andreevi&#x10D;</subfield>
    <subfield code="4">070</subfield>
  </datafield>
  <datafield tag="701" ind1=" " ind2="1">
    <subfield code="a">Chachulina</subfield>
    <subfield code="b">L. A.</subfield>
    <subfield code="g">Ljudmila Aleksandrovna</subfield>
    <subfield code="4">070</subfield>
  </datafield>
  <datafield tag="801" ind1=" " ind2="1">
    <subfield code="a">RU</subfield>
    <subfield code="b">NLR</subfield>
    <subfield code="c">20081101</subfield>
  </datafield>
  <datafield tag="801" ind1=" " ind2="0">
    <subfield code="a">RU</subfield>
    <subfield code="b">NLR</subfield>
    <subfield code="g">PSBO</subfield>
  </datafield>
  <datafield tag="852" ind1=" " ind2=" ">
    <subfield code="a">NLR</subfield>
    <subfield code="j">&#x413;01 &#x414;-8/130</subfield>
  </datafield>
  <datafield tag="942" ind1=" " ind2=" ">
    <subfield code="c">BOOK</subfield>
  </datafield>
  <datafield tag="980" ind1=" " ind2=" ">
    <subfield code="a">NB</subfield>
  </datafield>
  <datafield tag="995" ind1=" " ind2=" ">
    <subfield code="5">2013-10-26</subfield>
    <subfield code="b">NLR01</subfield>
    <subfield code="c">NLR01</subfield>
    <subfield code="e">IF</subfield>
    <subfield code="f">9074380-10</subfield>
    <subfield code="k">&#x413;01 &#x414;-8/130</subfield>
    <subfield code="o">0</subfield>
    <subfield code="r">BOOK</subfield>
    <subfield code="s">01_8130</subfield>
  </datafield>
</record>
